000 00978nmm a2200325 a 4500
003 AR-BaBNM
005 20251128211636.0
008 055020s2004 ||||||||||||||000 | spa||
020 _a950-557-618-8
040 _cAR-BaBNM
100 1 _aAnijovich, Rebeca
245 1 0 _aUna introducción a la enseñanza para la diversidad
_baprender en aulas heterogéneas
250 _a1º ed.
260 _aBuenos Aires
_bFondo de Cultura Económica
_c2004
300 0 _a128 p.
504 _aBibliografía en p. 125-126
650 4 _aORGANIZACION DEL CURSO
650 4 _aGRUPOS DE PARES
650 4 _aAGRUPAMIENTO HETEROGENEO
650 4 _aPROYECTOS
650 4 _aEVALUACION DEL ALUMNO
653 0 _aESTRATEGIAS DIDACTICAS
653 0 _aEDUCACION EN LA DIVERSIDAD
653 0 _aORGANIZACION DEL ESPACIO ESCOLAR
700 1 _aMalbergier, Mirta
700 1 _aSigal, Celia
700 1 _aCamilloni, Alicia R.W. de
_eprologuista
942 _cBK
998 _cmaria eugenia
999 _c20562
_d20562